01482nam a22002177a 450000500170000000800410001702000180005804000070007604100080008308200200009110000160011124500920012726000350021930000240025436500560027852008150033465000250114965000370117465000350121170000180124620221220110621.0221220b ||||| |||| 00| 0 eng d a9781473649521 cAL aeng 223a158.1bSINY aJen Sincero aYou are a badass:bHow to stop doubting your greatness and start living an awesome life aUKbJohn Murray Learningc2016 a253p.bPBc19x13cm. 2Physicsa6658b479.00c₹d599.00e20%f15-12-2022 aYOU ARE A BADASS IS THE SELF-HELP BOOK FOR PEOPLE WHO DESPERATELY WANT TO IMPROVE THEIR LIVES BUT DON'T WANT TO GET BUSTED DOING IT. In this refreshingly entertaining how-to guide, bestselling author and world-traveling success coach, Jen Sincero, serves up 27 bitesized chapters full of hilariously inspiring stories, sage advice, easy exercises, and the occasional swear word, helping you to: Identify and change the self-sabotaging beliefs and behaviors that stop you from getting what you want, Create a life you totally love. And create it NOW, Make some damn money already. The kind you've never made before. By the end of You Are a Badass, you'll understand why you are how you are, how to love what you can't change, how to change what you don't love, and how to use The Force to kick some serious ass. aHow you got this way aHow to Embrace your inner Badass aHow to tap into the Motherrole aSINCERO (Jen)